Регионална библиотека "Любен Каравелов" - Русе

Лебедите на Леонардо (Запис номер 68931)

MARC детайли
000 -Лидер
Контролно поле с фиксирана дължина 01185nam a2200325 c 4500
003 - Код на организацията, давaща контролен номер
Контролно поле BLK
005 - Дата и час на последна редакция
Контролно поле 20240110102153.0
008 - Елементи от данни с фиксирана дължина
fixed length control field 180408b bul|||||r ||||||| ||bul||
010 ## - Наследен системен номер
LC control number KNG00073270000
020 ## - Международен стандартен номер на книга ISBN
Международен стандартен номер на книга ISBN 978-954-585-763-8
-- издат.: Бард
040 ## - Източник на каталожния запис
Идентификатор на билиотеката - собственик на записа BLK
041 ## - Код за език
Код за езика на текст/звукозапис или на отделно заглавие Български
Код за езика КДБФ Български
080 ## - УДК
Текстов определител УДК Американска литература (на САЩ)
УДК код - определител по УДК 821.111(73)
УДК определител -311.6
УДК - код + определител 821.111(73)-311.6
100 1# - Редна дума - Автор
Автор Есекс, Карен
Авторска отговорност първи автор
R(LIN) 67605
139 ## - Редно поле
Редна дума Есекс, Карен
Авторски знак Есе - Е 86
245 10 - Сведения за заглавието
Заглавие Лебедите на Леонардо
Подзаглавни данни Роман
Редно поле (дума) Карен Есекс; прев. от англ. Мария Панева.
257 ## - Страна на издаване
Страна на създаване/издаване Съединени американски щати
260 ## - Област на издателските данни
-- София
Име на издателя, разпространителя и проч. Бард
Година на издаване 2007
300 ## - Физическа характеристика
Страници 368 с.
Размери/Мащаб 21 см
380 ## - Жанр
Жанр Худож. лит.
500 ## - Общи забележки
Забележка Ориг. загл. Leonardo Swan's / Karen Essex. - Офс. изд.
653 ## - Ключова дума – ненормативна
Ключова дума исторически романи
700 1# - Други автори (авторска отговорност)
Лично име Панева, Мария
Автороска отговорност (Описва отношението между автора и произведението) прев. от англ.
9 (RLIN) 371010
852 ## - Местоположение
Форматна сигнатура Цб 232578
856 4# - Електронен адрес и достъп
Електронен формат pdf - файл
Път до файла /url/
856 4# - Електронен адрес и достъп
Електронен формат pdf - файл
Път до файла /url/
942 ## - АРТИКУЛИ
Вид на библиотечния материал Книги
Скрит в OPAC Не
Koha issues (borrowed), all copies 17
944 ## - СЪЗДАВАНЕ И РЕДАКЦИЯ на ЗАПИСА
Създаване/Редакция Създаване
Дата на регистрацията/редакция 21.03.2007
Служител, извършил регистрацията/редакцията 30531
Статус, дата на статуса Цветелина Шанова
944 ## - СЪЗДАВАНЕ И РЕДАКЦИЯ на ЗАПИСА
Създаване/Редакция Редакция
Дата на регистрацията/редакция 05.08.2008
Служител, извършил регистрацията/редакцията
999 ## - СИСТЕМНИ КОНТРОЛНИ НОМЕРА
Koha biblionumber 68931
Koha biblioitemnumber 68931
Наличности
Код за отписване Код за изгубен артикул Източник на класификационната схема Код за повреда Коз за рестрикции Код за отдаване Артикулен № Име на библиотеката - собственик Име на библиотеката, в която се намира в момента Статус (Текущо местоположение) Дата на вписване в системата Местоположение - отдел Цена в лева Инвентарен номер Систематично азбучна сигнатура Баркод Номер на екземпляра Цена в евро Служебна бележка Служебен тип на артикула
Изтеглен Не е изгубен Universal Decimal Classification Не е повреден без рестрикции заемане за дома 113213 Регионална библиотека "Любен Каравелов" Русе Регионална библиотека "Любен Каравелов" Русе Заемна - подръчен фонд 2007-03-21 Заемна - подръчен фонд 9.99 120000711480 П 820(73)-31/Е 86 120000711480 1 5.11 Дост: Pk Вид: Ф N: 136 Дата: 21.03.2007 Дата инв: 14.02.2018 Бележки инв: П2018 Книги
  Не е изгубен Universal Decimal Classification Не е повреден без рестрикции заемане за дома 113214 Регионална библиотека "Любен Каравелов" Русе Регионална библиотека "Любен Каравелов" Русе Заемна - подръчен фонд 2007-06-25 Заемна - подръчен фонд 9.99 120000714919 П 821-31/Е 86 120000714919 2 5.11 Дост: Pk Вид: Ф N: 5878 Дата: 20.06.2007 Дата инв: 14.02.2018 Бележки инв: П2018 Книги
  Не е изгубен   Не е повреден без рестрикции ползва се в читалня 113215 Регионална библиотека "Любен Каравелов" Русе Регионална библиотека "Любен Каравелов" Русе Хранилище 2007-11-28 Хранилище 9.99 120000720487 Цб 232578 120000720487 3 5.11 Дост: Dp Вид: Д N: 36 Дата: 16.08.2007 Книги
Vip Innovations Ltd, Rousse, Bulgaria 2025